Effect of exogenous gonadotrophin and physical condition of goat on efficacy of superovulation and embryo transfer techniques /
Saved in:
| Main Author: | |
|---|---|
| Format: | Thesis Book |
| Language: | English |
| Published: |
2014
|
| Subjects: | |
| Tags: |
Add Tag
No Tags, Be the first to tag this record!
|
| LEADER | 01371cam a2200349 i 4500 | ||
|---|---|---|---|
| 001 | u1009784 | ||
| 003 | SIRSI | ||
| 005 | 201502051507 | ||
| 008 | 150205s2014 my a t 000 0 eng m | ||
| 040 | |a UMM |d AUM |e rda | ||
| 090 | |a QH302 |b UMP 2014 Rah | ||
| 100 | 1 | |a Rahman, Md. Rokibur, |e author. | |
| 245 | 1 | 0 | |a Effect of exogenous gonadotrophin and physical condition of goat on efficacy of superovulation and embryo transfer techniques / |c Md. Rokibur Rahman |
| 264 | 1 | |c 2014 | |
| 264 | 4 | |c 2014 | |
| 300 | |a xvii, 172 leaves : |b illustrations ; |c 30 cm | ||
| 336 | |a text |2 rdacontent | ||
| 337 | |a unmediated |2 rdamedia | ||
| 338 | |a volume |2 rdacarrier | ||
| 502 | |b Ph.D. |c Institut Sains Biologi, Fakulti Sains, Universiti Malaya |d 2014. | ||
| 504 | |a Bibliography: leaves 125-146 | ||
| 530 | |a Issued also in CD. | ||
| 650 | 0 | |a Artificial insemination | |
| 650 | 2 | |a Embryo Transfer | |
| 650 | 2 | |a Fertilization in Vitro | |
| 650 | 0 | |a Livestock |x Reproduction | |
| 650 | 0 | |a Livestock |x Breeding | |
| 710 | 2 | |a Universiti Malaya. |b Fakulti Sains. |e degree granting institutions. | |
| 900 | |a NSR | ||
| 596 | |a 1 25 | ||
| 999 | |a QH302 UMP 2014 RAH |w LC |c 1 |i A515862955 |d 20/4/2016 |f 20/4/2016 |g 1 |l STACKS |m P01UTAMA |r Y |s Y |t TESIS |u 20/4/2016 |1 STEM | ||
| 999 | |a QH302 UMP 2014 RAH |w LC |c 1 |i A517298825 |f 22/12/2022 |g 1 |l STACKS |m P25UMARCHI |r N |s Y |t CD |u 21/12/2022 |1 STEM |o .STAFF. MST-CD1532 | ||
